Gumisie - piosenka z czołówki - Statystyki

Ogólne statystyki
  • Ten quiz został rozwiązany 46 razy
  • Średni wynik to 15 z 20
Statystyki odpowiedzi
Tekst piosenki % Poprawnych
Jak Gumisie skaczą {tam} i siam
98%
Jak Gumisie skaczą {tam} i siam
98%
Gumiś to {fajny} miś
93%
Gumiś to {fajny} miś
93%
Gumiś to {fajny} miś
93%
{Zobacz} sam!
90%
{Zobacz} sam!
90%
bo Gumisie {cały} świat już zna
88%
bo Gumisie {cały} świat już zna
88%
sekretem jest przepis na {gumisiowy} sok
88%
każda przygoda {zapiera} nam dech!
79%
Gumisie {harcują}
76%
Hokus, {marokus} dostarcza złych pokus
76%
wszędzie dziś {słychać}
74%
donośny ich {śmiech}
62%
{Abrakadabra} to czary i magia
60%
lecz misie {zwyciężą}
57%
po lesie {szarżują}
50%
Zawsze {zwycięskie}, waleczne, rycerskie
43%
dla {wroga} to szok!
21%
Nie znaleziono quizów pasujących do podanych kryteriów
Rozkład punktacji
Procent ludzi z każdym wynikiem
Percentyl według liczby udzielonych odpowiedzi
Twoja historia wyników
Nie rozwiązałeś tego quizu